Statistics for Skyrim A-Z

Click here to take the quiz!

General Stats

  • This quiz has been taken 230 times
  • The average score is 15 of 23

Answer Stats

HintClueAnswer% Correct
AThe Destroyer of Worlds.Alduin
99%
DSchool of magic (usually used in battle)Destruction
94%
JRuler of a holdJarl
92%
LYour Housecarl if you become Thane of WhiterunLydia
91%
BAlternative name for a Wood Elf (as Dunmer is to Dark Elf)Bosmer
87%
UName of the Rebelion leaderUlfric
87%
CLand south of Skyrim that General Tulius hails fromCyrodiil
84%
IOne side of the Civil WarImperials
80%
TThe name of the continent Skyrim is in.Tamriel
80%
WCapital of the EastmarchWindhelm
77%
KName of the Harbinger of the CompanionsKodlak
74%
SName of currency in Skyrim (not gold)Septim
73%
MWhat you distill to make SkoomaMoon Sugar
68%
YName of the original leader of the Companions (wielded Wuuthrad)Ysgramor
68%
EJarl of Solitude at the start of the gameElisif
67%
VThe Thieves Guild's "best infiltrator"Vex
67%
NRedguard member of the Dark BrotherhoodNazir
59%
GShe runs the Riverwood mill.Gerdur
51%
RMan who is executed as you walk into SolitudeRoggvir
27%
PThe Leader of the Greybeards.Paarthurnax
26%
HName of the lake that Riften is built onLake Honrich
16%
FTitle of the Jarl of Windhelm (if you're Imperial)Free Winter
9%
QFirst name of the Whiterun Imperial LegateQuentin
7%

Score Distribution

Percentile by Number Answered

Percent of People with Each Score

Your Score History

You have not taken this quiz